000 00997nam a22002897a 4500
999 _c200428158
_d46082
003 TR-AnTOB
005 20230826001025.0
008 171214s2017 tu 000 0 tur d
020 _a9786053339588
040 _aTR-AnTOB
_beng
_cTR-AnTOB
_erda
041 _atur
050 _aKKX2070
090 _aKKX2070
_b.Y89 2017
100 1 _aYüzbaşıoğlu, Necmi
_d1956-
_eauthor
_943144
245 1 0 _aAnayasa hukukuna giriş /
_cProf. Dr. Necmi Yüzbaşıoğlu.
264 1 _aİstanbul :
_bBeta basım yayım,
_c2017.
300 _axv, 344 pages ;
_c20 cm
336 _atext
_btxt
_2rdacontent
337 _aunmediated
_bn
_2rdamedia
338 _avolume
_bnc
_2rdacarrier
504 _aIncludes bibliographical references.
505 _tI - Anayasa, devlet ve iktidar kavramları
_tII - Cumhuriyetin nitelikleri
_tCumhuriyetin temel organları
650 7 _938301
_aAnayasalar
_zTürkiye
_2etuturkob
650 0 _aAnayasa hukuku
_zTürkiye
_9116005
942 _2lcc
_cBK